| 000 | 00881cam a22002175a 4500 | ||
|---|---|---|---|
| 001 | L140043 | ||
| 008 | 070831s2004 xxk f 000 0 eng d | ||
| 022 | 1 | _a14712032 | |
| 035 | _a(Sirsi) u140043 | ||
| 041 | 0 | _aeng | |
| 050 | 0 | 4 | _a690 $2 18 |
| 110 | 2 | _aBuilding Research Establishment | |
| 245 | 0 | 0 |
_aProfessional development plus _bCD35 Winter 2004 _h[electronic resource] |
| 260 |
_aWatford _bBRE Press _c2004 |
||
| 300 | _a1 CD-ROM | ||
| 505 | 2 | _aProfessional development series January-December 2004 -- Digests 330, 367, 426, 477 Parts 4-7, 480-491, special digest 5 -- Good building guides 59 Part 2, and 61-63 -- Information papers 1/04-14/04 -- BRE books January-December 2004 -- FBE reports 2004 | |
| 520 | _aContains technical reports and guiance on building and construction practice. | ||
| 651 | 4 |
_aUnited Kingdom _y |
|
| 690 | _aBUILT ENVIRONMENT | ||
| 942 | _n0 | ||
| 999 |
_c85453 _d85453 |
||